000 00789nam a2200277 i 4500
001 C2-0231329
003 PPAK
005 20180728084423.0
008 001119s1988 my |||| ||||| | may d
020 _a9679070735
040 _aPPAK
_beng
_cPPAK
_erda
082 0 4 _a297.18
_223
090 0 0 _a297.18
_bKAE
_dK
110 2 _aSidang pengarang Penerbit Taha
245 0 0 _aKaedah memilih sahabat
264 1 _aKuala Lumpur :
_bPenerbit Taha ,
_c1988
300 _a43 pages ;
_c21 cm
336 _2rdacontent
_atext
337 _2rdamedia
_aunmediated
338 _2rdacarrier
_avolume
490 1 _aSiri perpaduan dalam Islam
650 1 0 _aIslamic stories, Malay
710 2 _aSidang pengarang Penerbit Taha
_eorganizer
830 0 _aSiri perpaduan dalam Islam
942 _ddc
_cB
999 _c150733
_d150733